Ariel
Wedi'i Gadw mewn:
| Prif Awdur: | |
|---|---|
| Fformat: | Llyfr |
| Iaith: | Sbaeneg |
| Cyhoeddwyd: |
Ciudad de México
Porrua
1977
|
| Rhifyn: | 4a. ed |
| Cyfres: | Sepan cuantos
|
| Pynciau: | |
| Tagiau: |
Ychwanegu Tag
Dim Tagiau, Byddwch y cyntaf i dagio'r cofnod hwn!
|
MARC
| LEADER | 00000nam a2200000 a 4500 | ||
|---|---|---|---|
| 001 | UCY2357 | ||
| 003 | CL-VaPUC | ||
| 008 | 941021e19770000MX |||||||||||||||||spa|d | ||
| 082 | 0 | 4 | |a Ur868 |b ROD |2 21 |
| 100 | 0 | |a Rodo, José Enrique |e author |9 313720 | |
| 245 | 1 | 0 | |a Ariel |
| 246 | 1 | 0 | |a Liberalismo y jacobismo |
| 246 | 1 | 0 | |a Ensayos |
| 250 | |a 4a. ed | ||
| 300 | |a 301 p | ||
| 942 | |c BK | ||
| 945 | |d 19941021 00:00:00 |a oaravena | ||
| 260 | |a Ciudad de México |b Porrua |c 1977 | ||
| 650 | 7 | |a PROSA URUGUAYA |2 CL-VaPUC |9 317929 | |
| 650 | 0 | |a Liberalismo |9 255715 | |
| 583 | |a last modification |c 19941021 00:00:00 |k Rodrigo Vera | ||
| 490 | 0 | |a Sepan cuantos | |
| 999 | |c 230788 |d 230786 | ||
| 952 | |0 0 |1 0 |4 0 |6 UR_868_000000000000000_ROD_1977 |7 0 |8 P |9 233318 |a BIBARQ |b BIBARQ |d 2019-11-15 |i 3027740 |o Ur868 ROD 1977 |p 3027740 |r 2025-01-20 |w 2019-11-15 |y BK |k ARQ | ||